| 000 | 00699nam a2200205Ia 4500 | ||
|---|---|---|---|
| 001 | 5296 | ||
| 003 | GE_BSU | ||
| 008 | 181216s||||||||xx |||||||||||||| ||und|| | ||
| 040 | _cGE_BSU | ||
| 080 | _a51(075.8) | ||
| 100 | _aГусев ,В.А. А.Г.Морддкович; | ||
| 245 | _aМатематика Пособие для поступающих в техникумы. | ||
| 245 | _bУчеб пособие для поступающих в сред. спец учеб завед. | ||
| 260 | _aМосква | ||
| 260 | _bВысшая школа | ||
| 260 | _c1984 | ||
| 300 | _a350 с. 20 см. | ||
| 653 | _aМатематика Пособие для поступающих | ||
| 942 | _cBK | ||
| 999 |
_c38883 _d38883 |
||